000 00788cam a2200193 i 4500
005 20251108172922.0
008 250721s2001 xx gr 000 0 ara d
082 1 4 _a026.34
_bه ل ا
100 1 _aهلال، رؤوف عبد الحفيظ
_eمؤلف.
245 1 2 _aالمكتبات ومراكز المعلومات القانونية :
_bتنظيمها و إدارتها /
_cتأليف رؤوف عبد الحفيظ هلال.
264 1 _aالجيزة :
_bإيبيس . كوم للنشر و التوزيع،
_c2001.
300 _a214 صفحة.
490 0 _aسلسلة المكتبات النوعية ؛
_vرقم 1.
650 1 7 _aالمكتبات.
650 1 7 _aالقانون.
830 0 _aسلسلة المكتبات النوعية
942 _2ddc
_cBK
999 _c91780
_d91780